000 00229nam a2200109Ia 4500
100 _a#N/A
942 _cBK
654 _aSWOT analysis
245 _aDeveloping successful global joint venture
260 _b#N/A
546 _aENGLISH
999 _c21207
_d21207